| 000 | 00530 a2200181 4500 | ||
|---|---|---|---|
| 005 | 20260422114121.0 | ||
| 008 | 260422b |||||||| |||| 00| 0 eng d | ||
| 020 | _a9788126418213 | ||
| 080 |
_aFM _bCOE/VE |
||
| 100 | _aPaulo Coelho | ||
| 245 | _aVelichathinte poralikal(വെളിച്ചത്തിൻെറ പോരാളികൾ) | ||
| 250 | _a8th ed. | ||
| 260 |
_bD C books _aKottayam _c2023 |
||
| 300 | _a280p. | ||
| 653 | _aFiction-Novel-Malayalam Literature | ||
| 700 | _aPhilip M Prasad;tr.by | ||
| 942 | _cBK | ||
| 999 |
_c115299 _d115298 |
||